[Event "Wch Seniors 65 29th"]
[Site "Bucharest"]
[Date "2019.11.21"]
[Round "9"]
[White "Bruma, Ioan"]
[Black "Galupa, Vasile"]
[Result "1-0"]
[WhiteElo "1550"]
[BlackElo "1350"]
[PlyCount "115"]
[EventDate "2019.11.12"]
[EventType "swiss"]
[EventRounds "11"]
[EventCountry "ROU"]
[SourceTitle "CBM 193 Extra"]
[Source "ChessBase"]
[SourceDate "2020.01.31"]
[SourceVersion "1"]
[SourceVersionDate "2020.01.31"]
[SourceQuality "1"]

1. d4 d5 2. c4 c6 3. e3 Nf6 4. Nc3 g6 5. cxd5 Nxd5 6. Bc4 e6 7. Nf3 Bg7 8. e4 Nxc3 9. bxc3 0-0 10. 0-0 b5 11. Bb3 a5 12. a3 Bb7 13. Bg5 Qe8 14. Qd2 Nd7 15. Rfe1 Nf6 16. Bh6 Qd7 17. Bxg7 Kxg7 18. e5 Nd5 19. Bxd5 cxd5 20. Qf4 Qe7 21. Re3 f6 22. exf6+ Rxf6 23. Qe5 h6 24. Rb1 Bc6 25. g4 Re8 26. h4 Kh7 27. Kg2 Bd7 28. Rbe1 Qf7 29. Qg3 Rf4 30. Ne5 Qe7 31. Qxf4 Rf8 32. Qg3 Bc8 33. Rf3 Rf6 34. Rxf6 Qxf6 35. g5 Qf8 36. Qf3 Qxf3+ 37. Kxf3 h5 38. Nc6 a4 39. Na7 Bd7 40. Kf4 Kg7 41. Ke5 Kf7 42. Rb1 Ke7 43. Nxb5 Bc6 44. Nd6 Bd7 45. Rb7 Kd8 46. c4 dxc4 47. Nxc4 Kc8 48. Nd6+ Kd8 49. Rb8+ Kc7 50. Rg8 Bc6 51. Rxg6 Kd7 52. Rxe6 Bf3 53. d5 Kd8 54. Ne4 Bg4 55. Ra6 Bd1 56. Kd6 Ke8 57. g6 Bc2 58. Ra8# 1-0